000 01563nam a2200325 i 4500
003 DO-SdBNP
005 20250403112707.0
007 ta
008 240708b2023 dr a|||| |||| 00| 0 spa d
020 _a9789945223248
040 _aDO-SdBNP
_bspa
_cBNPHU
_erda
041 _aspa
082 4 _axxx
_bP349m
_222
100 1 _aPeña, Diógenes
_d1941-
_eautor
_4aut.
_985982
245 1 0 _aMis ensayos, desde la inteligencia universal hasta los fundamentos cuánticos /
_cDiógenes Peña ; diagramación y diseño de cubierta, Camile Olivero Lara ; corrección de estilo, Guillermo Sención Villalona.
250 _aPrimera edición
264 4 _aSanto Domingo :
_bEditora Búho,
_c©2023.
300 _a157 páginas ;
_c23 cm.
336 _atexto
_btxt
_2rdacontent
337 _asin mediación
_bn
_2rdamedia
338 _avolumen
_bnc
_2rdacarrier
500 _aIncluye datos biográficos del autor en la contracubierta.
504 _aBibliografía: p. 155-157
505 _aPersonales, 12.-- Medio ambiente y agua, 18.-- Astronomía, 32.-- Científico y fundamentos cuánticos, 42.-- Economía, 92.-- Religión, 98.-- Social, 114.-- Arquitectura-Ingeniería, 126.-- Sobre la teoría de los antiguos astronautas, 132.-- Sobre matemáticas, 138.-- Temas variados, 146.-- Agradecimientos, 153.-- Fuentes, 155.
590 _aInventariado, 2024 /LP
700 1 _aOlivero Lara, Camile,
_ediagramación y diseño de cubierta
_985983
700 1 _aSención Villalona, Guillermo,
_eCorrección de estilo
_985984
910 _aLoPérez
942 _2ddc
_cLBS1
999 _c57196
_d57196